00531nam a2200181Ia 450000500170000000800410001702000250005804000190008304100120010208200140011410000230012824500410015125000660019226000430025830000180030165000190031985000110033820240323150952.0131103s9999 xx 000 0 und d a8187886145cRS.85.00 aLoreto College aEnglish a170 bHED aHedwig Lewis, S.J. aPersons Are GiftscS.J. Hedwig Lewis a2nd ed.b Power-filled reflections for person-centred living  aGujaratbGujarat Sahitya Prakashc2003 axviii, 237p.  aMoral Sciences aLCBED